El problema indígena y la ideología indigenista /

Na minha lista:
Detalhes bibliográficos
Autor principal: Bartra, Roger
Formato: Texto
Assuntos:
Tags: Adicionar Tag
Sem tags, seja o primeiro a adicionar uma tag!

MARC

LEADER 00000 a a2200000 04500
001 44159
003
040
100 |a Bartra, Roger  
245 |a El problema indígena y la ideología indigenista /  |c Roger Bartra  
650 |a AMERINDIOS  
650 |a CAPITALISMO  
650 |a MEXICO  
650 |a IDEOLOGIAS  
773 |g volumen36, número3 (1974), Páginas 459-483  
999 |c 20836  |d 20836